Lattice Boltzmann Modeling An Introduction for Geoscientists and Engineers /
Wedi'i Gadw mewn:
| Prif Awdur: | |
|---|---|
| Awdur Corfforaethol: | |
| Awduron Eraill: | |
| Fformat: | Electronig eLyfr |
| Iaith: | Saesneg |
| Cyhoeddwyd: |
Berlin, Heidelberg :
Springer Berlin Heidelberg,
2006.
|
| Pynciau: | |
| Mynediad Ar-lein: | http://dx.doi.org/10.1007/978-3-540-27982-2 |
| Tagiau: |
Dim Tagiau, Byddwch y cyntaf i dagio'r cofnod hwn!
|
MARC
| LEADER | 00000nam a22000005i 4500 | ||
|---|---|---|---|
| 001 | 0000052792 | ||
| 005 | 20171002052725.0 | ||
| 007 | cr nn 008mamaa | ||
| 008 | 100301s2006 gw | s |||| 0|eng d | ||
| 020 | |a 9783540279822 |9 978-3-540-27982-2 | ||
| 024 | 7 | |a 10.1007/978-3-540-27982-2 |2 doi | |
| 035 | |a 0000002878 | ||
| 035 | |a (DE-He213)978-3-540-27982-2 | ||
| 072 | 7 | |a RB |2 bicssc | |
| 072 | 7 | |a UB |2 bicssc | |
| 072 | 7 | |a SCI019000 |2 bisacsh | |
| 072 | 7 | |a COM018000 |2 bisacsh | |
| 100 | 1 | |a Sukop, Michael C. | |
| 245 | 1 | 0 | |a Lattice Boltzmann Modeling |h [electronic resource] : |b An Introduction for Geoscientists and Engineers / |c by Michael C. Sukop, Daniel T. Thorne. |
| 260 | |a Berlin, Heidelberg : |b Springer Berlin Heidelberg, |c 2006. | ||
| 300 | |b digital. | ||
| 650 | 0 | |a Hydraulic engineering. | |
| 650 | 0 | |a Computer simulation. | |
| 650 | 0 | |a Thermodynamics. | |
| 650 | 0 | |a Soil conservation. | |
| 650 | 1 | 4 | |a Geosciences. |
| 650 | 2 | 4 | |a Computer Applications in Geosciences. |
| 650 | 2 | 4 | |a Hydrogeology. |
| 650 | 2 | 4 | |a Engineering Fluid Dynamics. |
| 650 | 2 | 4 | |a Simulation and Modeling. |
| 650 | 2 | 4 | |a Soil Science & Conservation. |
| 650 | 2 | 4 | |a Mechanics, Fluids, Thermodynamics. |
| 700 | 1 | |a Thorne, Daniel T. | |
| 710 | 2 | |a SpringerLink (Online service) | |
| 773 | 0 | |t Springer eBooks | |
| 776 | 0 | 8 | |i Printed edition: |z 9783540279815 |
| 856 | 4 | 0 | |u http://dx.doi.org/10.1007/978-3-540-27982-2 |
| 908 | |a 121203 | ||
| 912 | |a ZDB-2-EES | ||
| 942 | 0 | 0 | |c EB |
| 950 | |a Earth and Environmental Science (Springer-11646) | ||
| 999 | |c 45939 |d 45939 | ||